000 00725nam a2200205 a 4500
005 20140412111226.0
008 001118s19uu xx 00 eng d
020 _a0-89565-317-6
050 _aTR(GS 513
_bM74 1985
100 _aMoncure, Jane Belk
245 _aMy six book /
_cJane Belk Moncure ; illustrated by Linda Hohag ; Heidi Miller ; editor Diane Dow Suire.
260 _aElgin, Ill :
_bChild's World,
_c1985.
300 _a32 p. ; ill.
440 _aMy number book--My first steps to math
520 _aLittle Six introduces concept of "six" by interacting with six variety of things.
650 _aSix (The Number)
_xJuvenile literature
650 _aNumber Concept
650 _aCounting
999 _c102057
_d102057